00936nam a2200217 450000100060000000300080000600500170001400800410003102000160007203500190008804000270010704100090013408200250014310000720016824502410024026000750048130000580055665000360061465000120065070000560066241556BD-RjUL20211209053417.0160601s1985 bg ||||| |||| 00| 0 ben d c: TK 65.00  a(BD-RjUL)41674 aBD-RjULbben cBD-RjUL aben  223 a170 bMUN 1985  aম্যুত্তর, জর্জ এডওয়ার্ড 10aনীতিবিদ্যার মূলনীতি :bপ্রিন্সিপিয়া এথিকা / c জর্জ এডওয়ার্ড ম্যুত্তর ; অনুবাদ হাসনা বেগম  aঢাকা :bবাংলা একাডেমী, c১৯৮৫  a[৬২], ৩৩৯ পৃ. ; c২১ সেমি.  aনীতিবিদ্যা  aEthics  a বেগম, হাসনা, অনুবাদ